The Digital Ecosystem: How to Create a Sustainable Digital Strategy for Your School. (Record no. 4346)

MARC details
005 - DATE AND TIME OF LATEST TRANSACTION
control field 20250619070117.0
020 ## - INTERNATIONAL STANDARD BOOK NUMBER
International Standard Book Number 978-1-913622-85-5
082 ## - DEWEY DECIMAL CLASSIFICATION NUMBER
Classification number 001.640 WRA
100 ## - MAIN ENTRY--PERSONAL NAME
Author name WRAITHMELL, P.
245 ## - TITLE STATEMENT
Title The Digital Ecosystem: How to Create a Sustainable Digital Strategy for Your School.
260 ## - PUBLICATION, DISTRIBUTION, ETC.
Place of publication, distribution, etc. Woodbridge,
Name of publisher, distributor, etc. John Catt,
Date of publication, distribution, etc. 2021.
300 ## - PHYSICAL DESCRIPTION
Extent 198p.: ill.;
Dimensions 21cm
856 ## - ELECTRONIC LOCATION AND ACCESS
Link text Access Online Book
Electronic name Digital Ecosystem
Path www.johncatt.com
942 ## - ADDED ENTRY ELEMENTS (KOHA)
Source of classification or shelving scheme Dewey Decimal Classification
Koha item type Books
Holdings
Date last seen Total checkouts Full call number Barcode Cost, replacement price Price effective from Koha item type Lost status Source of classification or shelving scheme Damaged status Not for loan Withdrawn status Home library Current library Shelving location Date acquired Cost, normal purchase price
06/19/2025   001.640 WRA 00000010952 118800.00 06/19/2025 Books   Dewey Decimal Classification       College of Business Education Main Library College of Business Education Main Library General Collection 04/04/2025 39600.00